Visualizzazione normale
Vista MARC
- Soler i Palet, Josep,
di Personal Name
Records bibliografici associati: 1
001 - CONTROL NUMBER
- control field: 44020
003 - CONTROL NUMBER IDENTIFIER
- control field: IT-RoINE
005 - DATE AND TIME OF LATEST TRANSACTION
- control field: 20180201101000.0
008 - FIXED-LENGTH DATA ELEMENTS
- fixed length control field: 180201|| aca||aabn | a|a d
040 ## - CATALOGING SOURCE
- Original cataloging agency: IT-RoINE
- Transcribing agency: IT-RoINE
100 ## - HEADING--PERSONAL NAME
- Personal name: Soler i Palet, Josep,
- Dates associated with a name: 1859-1921
670 ## - SOURCE DATA FOUND
- Source citation: Work cat.: (IT-RoINE): Soler i Palet, Josep, 1859-1921, Discursos leídos en la Real Academia de Buenas Letras de Barcelona en la recepción pública de D. José Soler y Palet el día 17 de Junio de 1906., 1906.